Capital Cities Chain - Statistics

General Stats
  • This quiz has been taken 1,794 times
  • The average score is 10 of 20
Answer Stats
Hint Capital % Correct
Capital of Canada Ottawa
92%
Location of the Anne Frank house Amsterdam
87%
Birthplace of democracy Athens
87%
Baltic capital Riga
80%
Third-largest EU city Madrid
58%
Capital of Niger Niamey
56%
At the mouth of River Liffey Dublin
55%
Built on an island in Lake Texcoco Mexico City
53%
Known as the Jerusalem of Europe Sarajevo
51%
City on a T-Shaped island in the Persian gulf Abu Dhabi
50%
Located at confluence of the White and Blue Nile Khartoum
47%
Literally translates to "Red Hero" Ulaanbaatar
47%
Only capital to start with this letter Islamabad
41%
De Factor capital of Nauru Yaren
38%
The government moved from here to Aden in 2014 Sana'a
33%
Successor to Yangon Naypyidaw
30%
City founded as the Erebuni Fortress Yerevan
28%
Very old city located on Barada River Damascus
27%
Located in the Khomas Highland plateau Windhoek
19%
Located on the island of New Providence Nassau
18%
No matching quizzes found
Score Distribution
Percent of People with Each Score
Percentile by Number Answered
Your Score History
You have not taken this quiz